000 01139 a2200217 4500
001 58973
005 20260407155844.0
008 260407a2003 arg spa d
003 AR-UNSa-BCEJYS
040 _aAR-UNSa-BCEJYS
_bspa
_cAR-UNSa-BCEJYS
080 _a338.2(82)
_xPolítica económica. Control de la economía. Gestión de la economía. Planificación económica en Argentina
245 1 0 _aLa Argentina y el orden mundial
020 _a950-557-582-3
264 1 _aBuenos Aires :
_bFondo de Cultura Económica
_c2003
300 _a185 p.
_c17 cm.
505 _a1. La comisión trilateral y la proliferación del poder económico internacional - 2. Las consecuencias de la guerra de Irak - 3. Enfoques heterodoxos en el informe Okita sobre la economía argentina - 4. Los ciclos económicos en la Argentina: del modelo primario exportador al sistema de hegemonía financiera - 5. La Argentina y el Fondo Monetario Internacional - 6. Recuperación y crecimiento: tiempos e instrumentos de la política económica argentina.
041 _aspa
942 _cBK
590 _aniveau_biblio:m niveau_hierar:0
100 1 _aFerrer, Aldo
999 _c6535
_d6535